Diesel and Gasoline Engines (Record no. 92875)

MARC details
000 -LEADER
fixed length control field 01846nam a2200193Ii 4500
008 - FIXED-LENGTH DATA ELEMENTS--GENERAL INFORMATION
fixed length control field 221202s xx 000 0 und d
245 #0 - TITLE STATEMENT
Title Diesel and Gasoline Engines
264 #1 - PRODUCTION, PUBLICATION, DISTRIBUTION, MANUFACTURE, AND COPYRIGHT NOTICE
Place of production, publication, distribution, manufacture [Place of publication not identified] :
Name of producer, publisher, distributor, manufacturer [Publisher not identified],
Date of production, publication, distribution, manufacture, or copyright notice 2020
300 ## - PHYSICAL DESCRIPTION
Extent 1 online resource
336 ## - CONTENT TYPE
Content type term text
Content type code txt
Source rdacontent
337 ## - MEDIA TYPE
Media type term computer
Media type code c
Source rdamedia
338 ## - CARRIER TYPE
Carrier type term online resource
Carrier type code cr
Source rdacarrier
520 ## - SUMMARY, ETC.
Summary, etc. The internal combustion engine was invented around 1790 by various scientists and engineers worldwide. Since then the engines have gone through many modifications and improvements. Today, different applications of engines form a significant technological importance in our everyday lives, leading to the evolution of our modern civilization. The invention of diesel and gasoline engines has definitely changed our lifestyles as well as shaped our priorities. The current engines serve innumerable applications in various types of transportation, in harsh environments, in construction, in diverse industries, and also as back-up power supply systems for hospitals, security departments, and other institutions. However, heavy duty or light duty engines have certain major disadvantages, which are well known to everyone. With the increasing usage of diesel and gasoline engines, and the constantly rising number of vehicles worldwide, the main concern nowadays is engine exhaust emissions. This book looks at basic phenomena related to diesel and gasoline engines, combustion, alternative fuels, exhaust emissions, and mitigations.
653 ## - INDEX TERM--UNCONTROLLED
Uncontrolled term Machinery
653 ## - INDEX TERM--UNCONTROLLED
Uncontrolled term Technology & Engineering
700 1# - ADDED ENTRY--PERSONAL NAME
Personal name Viskup, Richard
856 ## - ELECTRONIC LOCATION AND ACCESS
Uniform Resource Identifier <a href="https://docs.google.com/spreadsheets/d/1yKIrdCPDAG_9c22mwoOIO2DOhtj65Wqa/edit?usp=sharing&ouid=106555315294820607512&rtpof=true&sd=true ">https://docs.google.com/spreadsheets/d/1yKIrdCPDAG_9c22mwoOIO2DOhtj65Wqa/edit?usp=sharing&ouid=106555315294820607512&rtpof=true&sd=true </a>
Link text List of Curated E-Books
942 ## - ADDED ENTRY ELEMENTS (KOHA)
Koha item type E-Book

No items available.

University of Rizal System
Email us at univlibservices@urs.edu.ph

Visit our Website www.urs.edu.ph/library